<?xml version="1.0" encoding="UTF-8"?>
<record
    xmlns:xsi="http://www.w3.org/2001/XMLSchema-instance"
    xsi:schemaLocation="http://www.loc.gov/MARC21/slim http://www.loc.gov/standards/marcxml/schema/MARC21slim.xsd"
    xmlns="http://www.loc.gov/MARC21/slim">

  <leader>01578nam0a2200361   4500</leader>
  <controlfield tag="001">RU\NLR\BIBL_A\011402034</controlfield>
  <controlfield tag="005">20250702164414.0</controlfield>
  <datafield tag="010" ind1=" " ind2=" ">
    <subfield code="a">9785934374373</subfield>
    <subfield code="9">2000</subfield>
  </datafield>
  <datafield tag="021" ind1=" " ind2=" ">
    <subfield code="a">RU</subfield>
    <subfield code="b">2017-36401</subfield>
    <subfield code="9">2665</subfield>
  </datafield>
  <datafield tag="035" ind1=" " ind2=" ">
    <subfield code="a">(RuMoRGB)008888353</subfield>
  </datafield>
  <datafield tag="035" ind1=" " ind2=" ">
    <subfield code="a">(NLR Aleph) 011402034</subfield>
  </datafield>
  <datafield tag="090" ind1=" " ind2=" ">
    <subfield code="a">11513368</subfield>
    <subfield code="c">11513368</subfield>
  </datafield>
  <datafield tag="100" ind1=" " ind2=" ">
    <subfield code="a">20170608d2017    c  y0rusy50      ca</subfield>
  </datafield>
  <datafield tag="101" ind1="0" ind2=" ">
    <subfield code="a">rus</subfield>
  </datafield>
  <datafield tag="102" ind1=" " ind2=" ">
    <subfield code="a">RU</subfield>
  </datafield>
  <datafield tag="105" ind1=" " ind2=" ">
    <subfield code="a">a   z   000ay</subfield>
  </datafield>
  <datafield tag="200" ind1="1" ind2=" ">
    <subfield code="a">&#x421;&#x43A;&#x430;&#x437;&#x43E;&#x447;&#x43D;&#x44B;&#x439; &#x43F;&#x443;&#x442;&#x435;&#x432;&#x43E;&#x434;&#x438;&#x442;&#x435;&#x43B;&#x44C; &#x43F;&#x43E; &#x426;&#x430;&#x440;&#x441;&#x43A;&#x43E;&#x43C;&#x443; &#x421;&#x435;&#x43B;&#x443; &#x438; &#x41F;&#x430;&#x432;&#x43B;&#x43E;&#x432;&#x441;&#x43A;&#x443;</subfield>
    <subfield code="e">[&#x43A;&#x43D;&#x438;&#x433;&#x430; &#x434;&#x43B;&#x44F; &#x434;&#x435;&#x442;&#x435;&#x439;]</subfield>
    <subfield code="f">&#x42E;. &#x410;. &#x421;&#x43A;&#x43E;&#x440;&#x43E;&#x431;&#x43E;&#x433;&#x430;&#x442;&#x43E;&#x432;&#x430;</subfield>
    <subfield code="g">[&#x440;&#x438;&#x441;&#x443;&#x43D;&#x43A;&#x438; &#x415;. &#x41F;. &#x41A;&#x443;&#x437;&#x43D;&#x435;&#x446;&#x43E;&#x432;&#x43E;&#x439;]</subfield>
  </datafield>
  <datafield tag="210" ind1=" " ind2=" ">
    <subfield code="a">&#x421;&#x430;&#x43D;&#x43A;&#x442;-&#x41F;&#x435;&#x442;&#x435;&#x440;&#x431;&#x443;&#x440;&#x433;</subfield>
    <subfield code="c">&#x41F;&#x430;&#x440;&#x438;&#x442;&#x435;&#x442;</subfield>
    <subfield code="d">2017</subfield>
  </datafield>
  <datafield tag="215" ind1=" " ind2=" ">
    <subfield code="a">126, [1] &#x441;.</subfield>
    <subfield code="c">&#x446;&#x432;. &#x438;&#x43B;.</subfield>
    <subfield code="d">27</subfield>
  </datafield>
  <datafield tag="333" ind1=" " ind2=" ">
    <subfield code="a">6+</subfield>
  </datafield>
  <datafield tag="607" ind1=" " ind2=" ">
    <subfield code="a">&#x41F;&#x443;&#x448;&#x43A;&#x438;&#x43D;, &#x433;&#x43E;&#x440;&#x43E;&#x434; (&#x421;&#x430;&#x43D;&#x43A;&#x442;-&#x41F;&#x435;&#x442;&#x435;&#x440;&#x431;&#x443;&#x440;&#x433;, &#x433;&#x43E;&#x440;&#x43E;&#x434;)</subfield>
    <subfield code="j">&#x41F;&#x443;&#x442;&#x435;&#x432;&#x43E;&#x434;&#x438;&#x442;&#x435;&#x43B;&#x438; &#x434;&#x43B;&#x44F; &#x434;&#x435;&#x442;&#x435;&#x439;</subfield>
    <subfield code="9">2473223</subfield>
    <subfield code="3">RU\NLR\AUTH\661468710</subfield>
  </datafield>
  <datafield tag="607" ind1=" " ind2=" ">
    <subfield code="a">&#x41F;&#x430;&#x432;&#x43B;&#x43E;&#x432;&#x441;&#x43A;, &#x433;&#x43E;&#x440;&#x43E;&#x434; (&#x421;&#x430;&#x43D;&#x43A;&#x442;-&#x41F;&#x435;&#x442;&#x435;&#x440;&#x431;&#x443;&#x440;&#x433;, &#x433;&#x43E;&#x440;&#x43E;&#x434;)</subfield>
    <subfield code="j">&#x41F;&#x443;&#x442;&#x435;&#x432;&#x43E;&#x434;&#x438;&#x442;&#x435;&#x43B;&#x438; &#x434;&#x43B;&#x44F; &#x434;&#x435;&#x442;&#x435;&#x439;</subfield>
    <subfield code="9">1084177</subfield>
    <subfield code="3">RU\NLR\AUTH\66105309</subfield>
  </datafield>
  <datafield tag="686" ind1=" " ind2=" ">
    <subfield code="a">&#x428;9(2)6=&#x420;70-2</subfield>
    <subfield code="2">rubbk</subfield>
  </datafield>
  <datafield tag="686" ind1="0" ind2=" ">
    <subfield code="a">&#x428;9</subfield>
    <subfield code="b">&#x414;891</subfield>
  </datafield>
  <datafield tag="686" ind1="0" ind2=" ">
    <subfield code="a">&#x428;9(2)60=&#x420;7-2</subfield>
  </datafield>
  <datafield tag="700" ind1=" " ind2="1">
    <subfield code="a">&#x421;&#x43A;&#x43E;&#x440;&#x43E;&#x431;&#x43E;&#x433;&#x430;&#x442;&#x43E;&#x432;&#x430;</subfield>
    <subfield code="b">&#x42E;. &#x410;.</subfield>
    <subfield code="g">&#x42E;&#x43B;&#x438;&#x44F; &#x410;&#x43B;&#x435;&#x43A;&#x441;&#x430;&#x43D;&#x434;&#x440;&#x43E;&#x432;&#x43D;&#x430;</subfield>
  </datafield>
  <datafield tag="702" ind1=" " ind2="1">
    <subfield code="4">440</subfield>
    <subfield code="7">ca</subfield>
    <subfield code="8">rus</subfield>
    <subfield code="a">&#x41A;&#x443;&#x437;&#x43D;&#x435;&#x446;&#x43E;&#x432;&#x430;</subfield>
    <subfield code="b">&#x415;. &#x41F;.</subfield>
    <subfield code="c">&#x438;&#x43B;&#x43B;&#x44E;&#x441;&#x442;&#x440;&#x430;&#x442;&#x43E;&#x440;</subfield>
    <subfield code="g">&#x415;&#x43A;&#x430;&#x442;&#x435;&#x440;&#x438;&#x43D;&#x430; &#x41F;&#x435;&#x442;&#x440;&#x43E;&#x432;&#x43D;&#x430;</subfield>
    <subfield code="9">175454</subfield>
    <subfield code="3">RU\NLR\AUTH\770175505</subfield>
  </datafield>
  <datafield tag="942" ind1=" " ind2=" ">
    <subfield code="c">BOOK</subfield>
  </datafield>
  <datafield tag="980" ind1=" " ind2=" ">
    <subfield code="a">NBR</subfield>
  </datafield>
</record>
